Beyond femininity: New horizons of sajiao in Taiwanese society (notice n° 2053991)
[ vue normale ]
| 000 -LEADER | |
|---|---|
| fixed length control field | 01306cam a2200181 4500500 |
| 005 - DATE AND TIME OF LATEST TRANSACTION | |
| control field | 20260405002056.0 |
| 041 ## - LANGUAGE CODE | |
| Language code of text/sound track or separate title | fre |
| 042 ## - AUTHENTICATION CODE | |
| Authentication code | dc |
| 100 10 - MAIN ENTRY--PERSONAL NAME | |
| Personal name | Lee, Yu-Tse |
| Relator term | author |
| 245 00 - TITLE STATEMENT | |
| Title | Beyond femininity: New horizons of sajiao in Taiwanese society |
| 260 ## - PUBLICATION, DISTRIBUTION, ETC. | |
| Date of publication, distribution, etc. | 2025.<br/> |
| 500 ## - GENERAL NOTE | |
| General note | 87 |
| 520 ## - SUMMARY, ETC. | |
| Summary, etc. | This study explores the phenomenon of sajiao in Taiwan, a linguistic practice primarily associated with women and characterized by a childlike voice and behavior. Traditionally used in intimate contexts, sajiao reinforces an image of femininity and dependence while serving as a politeness strategy to subvert power dynamics and get one’s way. Over the past decade, its use has expanded to include men, even in professional contexts, reflecting significant societal change. This study sheds empirical light on the persistence and evolution of this practice within a changing society. The findings confirm that sajiao is adopted by people of all genders and sexual orientations—in this sense, it transcends boundaries. |
| 700 10 - ADDED ENTRY--PERSONAL NAME | |
| Personal name | Simon, Anne-Catherine |
| Relator term | author |
| 700 10 - ADDED ENTRY--PERSONAL NAME | |
| Personal name | Arnold, Aron |
| Relator term | author |
| 786 0# - DATA SOURCE ENTRY | |
| Note | Langage et société | 186 | 3 | 2025-12-22 | p. 87-115 | 0181-4095 |
| 856 41 - ELECTRONIC LOCATION AND ACCESS | |
| Uniform Resource Identifier | <a href="https://shs.cairn.info/journal-langage-et-societe-2025-3-page-87?lang=en&redirect-ssocas=7080">https://shs.cairn.info/journal-langage-et-societe-2025-3-page-87?lang=en&redirect-ssocas=7080</a> |
Pas d'exemplaire disponible.




Réseaux sociaux